LEADER 00974nam a2200217 i 4500 001 000000150754 003 CaOOAMICUS 005 20060609000000.0 008 060609s1974 it u000 u ita u 013 $a128092 040 $aSeMil$bita 100 1 $aFlora, Francesco,$d<1891-1962>.$0(OLS)http://semarc/name/6412 245 14$a[Il Settecento e il primo Ottocento]. 300 $a778 p., con 48 tavole a colori fuori testo. 500 $aContiene : Bibliografia. - Titolo da piano dell'opera in preliminari. 650 4$aLetteratura italiana - Storia.$0(OLS)http://semarc/subject/541 773 0 $aFlora, Francesco <1891-1962>$tStoria della letteratura italiana.$b18. Ed.$d[Milano] : Arnoldo Mondadori Editore, 1974.$gVolume4$w()15832 850 $aSeMil 852 $aSeMil$W1$xVenegono$y1$m1O VI 194$j231748$B102835$CSeMilBibl$Z2$F111764 $81 961 $aLascito: Gogna prof.ssa Silvia 996 $6245$a[Il Settecento e il primo Ottocento]$9(OLS)http://semarc/title/220365 LEADER 00855nam a2200205 i 4500 001 000000070766 003 CaOOAMICUS 005 20240919120122.0 008 111212s1979 it u000 u mul u 040 $aSeMil$bita 245 10$aVol. 1. 300 $aXXXII, 453 p., [1] c. di ritratto, [1] c. di tabella ripieg., [2] c. di tav., [22] p. di tav. :$btabelle. 490 1 $aStoria e letteratura : raccolta di studi e testi ;$v139. 773 0 $tPalaeographica, diplomatica et archivistica.$dRoma : Edizioni di Storia e Letteratura, 1979.$w()25978 830 0$aStoria e letteratura ;$v139.$0(OLS)http://semarc/title/420 850 $aSeMil 852 $aSeMil$W1$xVenegono$y1$m3T V 139$j36919$B36919$CSeMilBibl$Z2$F36922 $81 961 $aAcquisto: Casa editrice 996 $6245$aVol. 1$9(OLS)http://semarc/title/13429